| 000 | 00423nam a2200169 a 4500 | ||
|---|---|---|---|
| 001 | 0000-9144 | ||
| 003 | ELIB.Books | ||
| 008 | 110520 1962 | ||
| 035 | _a(ELIB.Books)0000-9296 | ||
| 082 |
_a301.42 _bFie |
||
| 100 | _aFields, W. J. | ||
| 245 | _aUnity in marrage | ||
| 260 |
_bSaint Louis: Concordia Publishing House _c1962 |
||
| 650 | _aSocial | ||
| 942 |
_2ddc _cBK |
||
| 998 |
_cbat _e2011-05-20 |
||
| 999 |
_c9144 _d9144 |
||